[Event "SVK-chT1E 1920"]
[Site "Slovakia"]
[Date "2020.01.25"]
[Round "7.6"]
[White "Vojtko, Marek"]
[Black "Ihnat, Marek1111"]
[Result "0-1"]
[WhiteElo "1940"]
[BlackElo "2047"]
[PlyCount "56"]
[EventDate "2019.10.12"]
[EventType "team-tourn"]
[EventRounds "11"]
[EventCountry "SVK"]
[SourceTitle "CBM 194 Extra"]
[Source "ChessBase"]
[SourceDate "2020.03.31"]
[SourceVersion "1"]
[SourceVersionDate "2020.03.31"]
[SourceQuality "1"]
[WhiteTeam "Sabinov"]
[BlackTeam "Michalovce Zemplin"]
[WhiteTeamCountry "SVK"]
[BlackTeamCountry "SVK"]

1. d4 Nf6 2. Bg5 Ne4 3. Bf4 c5 4. f3 Qa5+ 5. c3 Nf6 6. d5 Qb6 7. e4 Qxb2 8. Nd2 Qxc3 9. Bc7 d6 10. Rb1 Qe3+ 11. Ne2 Na6 12. Nc4 Qh6 13. Ba5 Nb4 14. Bxb4 cxb4 15. Rxb4 e6 16. dxe6 d5 17. Qa4+ Kd8 18. Ne5 Bxb4+ 19. Qxb4 Bxe6 20. Qxb7 Rc8 21. exd5 Bxd5 22. Qxa7 Qh4+ 23. Kd1 Qb4 24. Nd4 Rc7 25. Nxf7+ Bxf7 26. Qa8+ Kd7 27. Bb5+ Kd6 28. Qa6+ Kc5 0-1

[Event "SVK-chT2D 1819"]
[Site "Slovakia"]
[Date "2019.04.06"]
[Round "10.3"]
[White "Vojtko, Marek"]
[Black "Tauber, Marek"]
[Result "1/2-1/2"]
[WhiteElo "2009"]
[BlackElo "2111"]
[PlyCount "131"]
[EventDate "2018.10.13"]
[EventType "team-tourn"]
[EventRounds "11"]
[EventCountry "SVK"]
[SourceTitle "EXT 2020"]
[Source "ChessBase"]
[SourceDate "2019.10.17"]
[SourceVersion "1"]
[SourceVersionDate "2019.10.17"]
[SourceQuality "1"]
[WhiteTeam "Sabinov II"]
[BlackTeam "Spisska Nova Ves"]
[WhiteTeamCountry "SVK"]
[BlackTeamCountry "SVK"]

1. d4 Nf6 2. Nc3 g6 3. Bf4 d6 4. Qd2 c6 5. e4 b5 6. a3 Qa5 7. Bd3 a6 8. Nge2 Bg7 9. 0-0 0-0 10. h3 Nbd7 11. Bh6 Bb7 12. Bxg7 Kxg7 13. f4 c5 14. b4 Qb6 15. e5 Ne8 16. dxc5 dxc5 17. Kh1 Rd8 18. Qe3 cxb4 19. Qxb6 Nxb6 20. axb4 Nc7 21. Be4 Bxe4 22. Nxe4 Nc4 23. Rfd1 Ne3 24. Rxd8 Rxd8 25. c3 Rd3 26. Kg1 Ned5 27. Kf2 f5 28. exf6+ exf6 29. Nc5 Rd2 30. Ke1 Rc2 31. Nxa6 Nxa6 32. Rxa6 Nxc3 33. Nxc3 Rxc3 34. Ra7+ Kh6 35. Rb7 Rc4 36. Rxb5 Rxf4 37. Ke2 g5 38. Rb8 Kg6 39. b5 Rb4 40. b6 h5 41. b7 Kf5 42. Ke3 h4 43. Kf3 Rb3+ 44. Kf2 Rb6 45. Kf3 Rb3+ 46. Kf2 Kf4 47. Rf8 Rb2+ 48. Kg1 Rxb7 49. Rxf6+ Ke4 50. Kf2 Rb2+ 51. Kg1 Rd2 52. Rf3 Ra2 53. Rf8 Ra3 54. Rf1 Rg3 55. Re1+ Kf4 56. Rf1+ Ke3 57. Re1+ Kd3 58. Kf2 Kd4 59. Re8 Kd5 60. Re3 Rxe3 61. Kxe3 Ke5 62. Kf3 Kf5 63. g3 hxg3 64. Kxg3 Kf6 65. h4 gxh4+ 66. Kxh4 1/2-1/2

[Event "SVK-chT2D 1819"]
[Site "Slovakia"]
[Date "2018.12.16"]
[Round "6.3"]
[White "Vojtko, Marek"]
[Black "Panko, Radoslav"]
[Result "1/2-1/2"]
[WhiteElo "2009"]
[BlackElo "1978"]
[PlyCount "133"]
[EventDate "2018.10.13"]
[EventType "team-tourn"]
[EventRounds "11"]
[EventCountry "SVK"]
[SourceTitle "CBM 189 Extra"]
[Source "ChessBase"]
[SourceDate "2019.06.03"]
[SourceVersion "1"]
[SourceVersionDate "2019.06.03"]
[SourceQuality "1"]
[WhiteTeam "Sabinov II"]
[BlackTeam "Stropkov/Svidnik"]
[WhiteTeamCountry "SVK"]
[BlackTeamCountry "SVK"]

1. d4 f5 2. g3 e6 3. Bg2 Nf6 4. Nf3 Be7 5. 0-0 0-0 6. c4 d6 7. Nc3 Qe8 8. Qc2 Qg6 9. d5 e5 10. Nh4 Qh5 11. Bf3 Ng4 12. h3 Bxh4 13. gxh4 Qxh4 14. hxg4 fxg4 15. Bg2 Na6 16. Qd3 h5 17. Ne4 Rf5 18. a3 Bd7 19. b4 Raf8 20. Ng3 Rf4 21. Qg6 Be8 22. Qd3 Qg5 23. Bxf4 exf4 24. Ne4 Qh4 25. Nd2 Qg5 26. Ne4 Qe7 27. Qd4 Bg6 28. Rac1 f3 29. exf3 gxf3 30. Ng3 fxg2 31. Rfe1 Qg5 32. Rc3 h4 33. Ne4 Qf4 34. Nf6+ Rxf6 35. Qxf4 Rxf4 36. Kxg2 c6 37. Re6 Rf6 38. Re7 cxd5 39. cxd5 Rf4 40. Rc8+ Kh7 41. Ree8 Kh6 42. Rcd8 Nc7 43. Rh8+ Kg5 44. Rxd6 Be4+ 45. Kg1 Nxd5 46. Re8 Bf3 47. Re5+ Rf5 48. Rxf5+ Kxf5 49. Rd7 Nf6 50. Rxg7 a6 51. Kh2 Nh5 52. Rf7+ Kg4 53. Rf8 h3 54. Rg8+ Kh4 55. Rf8 Bg2 56. f3 Kg5 57. Rf7 b5 58. Ra7 Kf4 59. Rxa6 Kxf3 60. a4 bxa4 61. Rxa4 Nf6 62. Ra3+ Kf2 63. Ra2+ Kf3 64. Ra3+ Kg4 65. Rg3+ Kh4 66. Rxg2 hxg2 67. Kxg2 1/2-1/2

[Event "SVK-chT1E 1819"]
[Site "Slovakia"]
[Date "2018.11.25"]
[Round "4.6"]
[White "Vojtko, Marek"]
[Black "Nadzamova, Viktoria"]
[Result "1-0"]
[WhiteElo "2027"]
[BlackElo "1708"]
[PlyCount "65"]
[EventDate "2018.10.27"]
[EventType "team-tourn"]
[EventRounds "11"]
[EventCountry "SVK"]
[SourceTitle "CBM 188 Extra"]
[Source "ChessBase"]
[SourceDate "2019.02.26"]
[SourceVersion "1"]
[SourceVersionDate "2019.02.26"]
[SourceQuality "1"]
[WhiteTeam "Sabinov"]
[BlackTeam "Kosice Slavia TU II"]
[WhiteTeamCountry "SVK"]
[BlackTeamCountry "SVK"]

1. d4 d5 2. Bg5 h6 3. Bh4 Nf6 4. e3 e6 5. Bd3 Be7 6. Nd2 b6 7. c3 Bb7 8. f4 Nbd7 9. Ngf3 Ne4 10. Bxe7 Qxe7 11. Qc2 Ndf6 12. Bxe4 dxe4 13. Ne5 0-0 14. 0-0-0 b5 15. g4 Rab8 16. Rhe1 c5 17. g5 hxg5 18. fxg5 Nd7 19. Nxd7 Qxd7 20. Nxe4 c4 21. Nc5 Qd5 22. h4 Bc6 23. e4 Qd6 24. Qe2 Qf4+ 25. Kb1 a5 26. Rf1 Qd6 27. Qh5 g6 28. Qh6 b4 29. h5 bxc3 30. hxg6 Rxb2+ 31. Ka1 fxg6 32. Qxg6+ Kh8 33. Rxf8+ 1-0

[Event "SVK-chT2D 1718"]
[Site "Slovakia"]
[Date "2018.02.24"]
[Round "8.2"]
[White "Vojtko, Marek"]
[Black "Kopnicky, Vladimir"]
[Result "1-0"]
[WhiteElo "1970"]
[BlackElo "2106"]
[PlyCount "40"]
[EventDate "2017.10.28"]
[EventType "team-tourn"]
[EventRounds "11"]
[EventCountry "SVK"]
[SourceTitle "EXT 2019"]
[Source "ChessBase"]
[SourceDate "2018.10.10"]
[SourceVersion "1"]
[SourceVersionDate "2018.10.10"]
[SourceQuality "1"]
[WhiteTeam "Kosice Slavia TU IV"]
[BlackTeam "Poprad LS VD"]
[WhiteTeamCountry "SVK"]
[BlackTeamCountry "SVK"]

1. d4 Nf6 2. Bg5 h6 3. Bxf6 exf6 4. g3 c5 5. c3 cxd4 6. cxd4 Qb6 7. Qd2 d5 8. Nc3 Be6 9. Bg2 Nc6 10. e3 0-0-0 11. Nge2 g5 12. a3 f5 13. b4 f4 14. gxf4 Ne7 15. h4 gxf4 16. Nxf4 Re8 17. Bf3 Kb8 18. 0-0-0 a5 19. b5 Nf5 20. Qb2 Qd6 1-0

[Event "SVK-chT1E 1718"]
[Site "Slovakia"]
[Date "2018.02.17"]
[Round "8.7"]
[White "Sankova, Stella"]
[Black "Vojtko, Marek"]
[Result "0-1"]
[WhiteElo "2004"]
[BlackElo "1997"]
[PlyCount "60"]
[EventDate "2017.10.21"]
[EventType "team-tourn"]
[EventRounds "11"]
[EventCountry "SVK"]
[SourceTitle "EXT 2019"]
[Source "ChessBase"]
[SourceDate "2018.10.10"]
[SourceVersion "1"]
[SourceVersionDate "2018.10.10"]
[SourceQuality "1"]
[WhiteTeam "Kysucke Nove Mesto"]
[BlackTeam "Kosice Slavia TU II"]
[WhiteTeamCountry "SVK"]
[BlackTeamCountry "SVK"]

1. e4 e6 2. d4 d5 3. Nc3 Nf6 4. e5 Nfd7 5. f4 c5 6. Nf3 Nc6 7. Be3 h6 8. Qd2 g5 9. fxg5 cxd4 10. Nxd4 Ndxe5 11. Be2 hxg5 12. Bxg5 Bh6 13. Bxh6 Qh4+ 14. g3 Qxh6 15. Qxh6 Rxh6 16. 0-0-0 Bd7 17. Nb3 b6 18. h4 f5 19. Kd2 Ke7 20. Ke3 Rg8 21. Kf2 Ng4+ 22. Bxg4 Rxg4 23. Ne2 Ne5 24. Nbd4 Re4 25. Rhe1 Ng4+ 26. Kf3 e5 27. Nc3 exd4 28. Nxe4 dxe4+ 29. Kf4 Rd6 30. Re2 e3 0-1

[Event "SVK-chT2D 1718"]
[Site "Slovakia"]
[Date "2017.11.26"]
[Round "4.3"]
[White "Vojtko, Marek"]
[Black "Rajnak, Daniel"]
[Result "1/2-1/2"]
[WhiteElo "1970"]
[BlackElo "2149"]
[PlyCount "52"]
[EventDate "2017.10.28"]
[EventType "team-tourn"]
[EventRounds "11"]
[EventCountry "SVK"]
[SourceTitle "EXT 2019"]
[Source "ChessBase"]
[SourceDate "2018.10.10"]
[SourceVersion "1"]
[SourceVersionDate "2018.10.10"]
[SourceQuality "1"]
[WhiteTeam "Kosice Slavia TU IV"]
[BlackTeam "Humenne Reinter"]
[WhiteTeamCountry "SVK"]
[BlackTeamCountry "SVK"]

1. d4 d5 2. Bg5 Nd7 3. e3 Ngf6 4. Nf3 e6 5. Nbd2 Be7 6. c4 c5 7. cxd5 Nxd5 8. Bxe7 Qxe7 9. Be2 0-0 10. 0-0 b6 11. dxc5 Nxc5 12. Nd4 Bb7 13. N2b3 Ne4 14. a3 Rad8 15. Qc2 Ndf6 16. Bd3 Rc8 17. Qe2 Nc5 18. Nxc5 Rxc5 19. b4 Rd5 20. Rfc1 Ba8 21. Ba6 Rg5 22. f3 Nd5 23. Ra2 Qf6 24. Rac2 Nf4 25. Qd1 Rd5 26. Rd2 Ng6 1/2-1/2

[Event "Tatry op"]
[Site "Tatranska Lomnica"]
[Date "2017.10.10"]
[Round "4"]
[White "Nehyba, Martin"]
[Black "Vojtko, Marek"]
[Result "1-0"]
[WhiteElo "2100"]
[BlackElo "1987"]
[PlyCount "99"]
[EventDate "2017.10.08"]
[EventType "swiss"]
[EventRounds "9"]
[EventCountry "SVK"]
[SourceTitle "CBM 181 Extra"]
[Source "ChessBase"]
[SourceDate "2017.12.12"]
[SourceVersion "1"]
[SourceVersionDate "2017.12.12"]
[SourceQuality "1"]

1. c4 e6 2. Nc3 d5 3. cxd5 exd5 4. d4 c6 5. Bf4 Nf6 6. e3 Be7 7. Bd3 0-0 8. Nge2 Nh5 9. Bg3 Nd7 10. Nf4 Nxf4 11. Bxf4 Nf6 12. 0-0 Bg4 13. Qc2 Bh5 14. Kh1 Bg6 15. Bg3 Nh5 16. Bxg6 hxg6 17. Be5 Nf6 18. f3 Nd7 19. Bg3 Nb6 20. Rad1 Nc4 21. Rfe1 Bg5 22. Bf2 Qa5 23. e4 dxe4 24. Nxe4 Nb6 25. d5 Bf4 26. g3 cxd5 27. Bxb6 axb6 28. Nc3 Bh6 29. Rxd5 Qa6 30. Kg2 Rfe8 31. Re4 Rac8 32. Rd7 Bg5 33. Qb3 Rf8 34. Qd1 Qa8 35. Qd5 Rcd8 36. Qxb7 Rxd7 37. Qxd7 Rd8 38. Qb5 Bf6 39. Re2 Qb7 40. Ne4 Be7 41. b3 Kf8 42. Rc2 f5 43. Nf2 Rd5 44. Qe2 Qd7 45. h4 f4 46. gxf4 Bxh4 47. Ng4 Be7 48. Ne5 Qf5 49. Qe4 Qxe4 50. fxe4 1-0

[Event "Tatry op"]
[Site "Tatranska Lomnica"]
[Date "2017.10.08"]
[Round "1"]
[White "Vojtko, Marek"]
[Black "Tichy, Stepan"]
[Result "0-1"]
[WhiteElo "1987"]
[BlackElo "2197"]
[PlyCount "80"]
[EventDate "2017.10.08"]
[EventType "swiss"]
[EventRounds "9"]
[EventCountry "SVK"]
[SourceTitle "CBM 181 Extra"]
[Source "ChessBase"]
[SourceDate "2017.12.12"]
[SourceVersion "1"]
[SourceVersionDate "2017.12.12"]
[SourceQuality "1"]

1. d4 e6 2. e4 d5 3. exd5 exd5 4. Bd3 c5 5. dxc5 Bxc5 6. Nf3 Nf6 7. 0-0 0-0 8. Nbd2 Bg4 9. Nb3 Bb6 10. Bf4 Nc6 11. h3 Bh5 12. c3 Re8 13. g4 Bg6 14. Bxg6 hxg6 15. Nbd4 Ne4 16. Kg2 Qf6 17. Be3 Rad8 18. Qb3 Na5 19. Qc2 Nc4 20. Rae1 Nxe3+ 21. Rxe3 Ng5 22. Rd3 Nxf3 23. Nxf3 d4 24. c4 Qf4 25. Rfd1 Re4 26. c5 Bc7 27. Qd2 Qf6 28. b4 a5 29. a3 axb4 30. axb4 b6 31. cxb6 Bxb6 32. Qg5 Qxg5 33. Nxg5 Re5 34. Nf3 Rb5 35. Rb1 Rc8 36. Rbd1 Rd5 37. Nd2 Rc2 38. f4 Rb5 39. Kf3 Rc3 40. Ke4 f5+ 0-1

[Event "Kosice Kotan Memorial"]
[Site "Kosice"]
[Date "2017.06.25"]
[Round "2"]
[White "Manik, Mikulas"]
[Black "Vojtko, Marek"]
[Result "1-0"]
[WhiteElo "2402"]
[BlackElo "1962"]
[PlyCount "61"]
[EventDate "2017.06.24"]
[EventType "swiss"]
[EventRounds "9"]
[EventCountry "SVK"]
[SourceTitle "CBM 179 Extra"]
[Source "ChessBase"]
[SourceDate "2017.08.23"]
[SourceVersion "1"]
[SourceVersionDate "2017.08.23"]
[SourceQuality "1"]

1. e4 e6 2. d4 d5 3. Nc3 Nf6 4. e5 Nfd7 5. f4 c5 6. Nf3 Nc6 7. Be3 cxd4 8. Nxd4 Bc5 9. Qd2 0-0 10. 0-0-0 a6 11. Kb1 Nxd4 12. Bxd4 b5 13. g3 b4 14. Ne2 a5 15. Bg2 Qb6 16. Rhe1 Bb7 17. g4 Rae8 18. Bxc5 Nxc5 19. Nd4 f6 20. f5 exf5 21. Nxf5 Rxe5 22. Rxe5 fxe5 23. Bxd5+ Kh8 24. Bxb7 Qxb7 25. Qd6 Qc8 26. Qe7 Ne6 27. Nd6 Qa6 28. Qxe6 Qe2 29. Nf7+ Kg8 30. Nh6+ Kh8 31. Qg8+ 1-0

[Event "SVK-chT1E 1617"]
[Site "Slovakia"]
[Date "2016.10.16"]
[Round "2.8"]
[White "Spiriak, Vladimir"]
[Black "Vojtko, Marek"]
[Result "1-0"]
[WhiteElo "2072"]
[BlackElo "2004"]
[PlyCount "167"]
[EventDate "2016.10.15"]
[EventType "team-tourn"]
[EventRounds "11"]
[EventCountry "SVK"]
[SourceTitle "CBM 175 Extra"]
[Source "ChessBase"]
[SourceDate "2016.12.12"]
[SourceVersion "1"]
[SourceVersionDate "2016.12.12"]
[SourceQuality "1"]
[WhiteTeam "Kysucke Nove Mesto"]
[BlackTeam "Kosice Slavia TU"]
[WhiteTeamCountry "SVK"]
[BlackTeamCountry "SVK"]

1. e4 e6 2. d4 d5 3. Nd2 Nf6 4. e5 Nfd7 5. c3 c5 6. Bd3 Nc6 7. Ne2 cxd4 8. cxd4 f6 9. exf6 Qxf6 10. Nf3 h6 11. 0-0 Bd6 12. a3 0-0 13. Nc3 Rd8 14. b4 Kh8 15. Bb1 a6 16. Ra2 Nf8 17. Re2 Bd7 18. Rfe1 Bb8 19. Bb2 b5 20. Qd2 Kg8 21. Nd1 Be8 22. Qc3 Ba7 23. Ne5 Bxd4 24. Qg3 Bxb2 25. Nxb2 Nd4 26. Rd2 Nf5 27. Qh3 Nd6 28. Nbd3 Nc4 29. Rde2 Nxa3 30. Ba2 Nc4 31. Nc5 Nxe5 32. Rxe5 Bf7 33. Bb1 Nd7 34. Nxd7 Rxd7 35. Qd3 g6 36. g4 Rc7 37. g5 hxg5 38. Qg3 Kg7 39. Rxg5 Rh8 40. h4 Rc3 41. Bd3 Rxd3 42. Qxd3 Rxh4 43. Rg3 Rxb4 44. Kg2 Rf4 45. Qc2 e5 46. Rh1 d4 47. Kg1 Bc4 48. Rh2 d3 49. Qc1 a5 50. Rhg2 a4 51. Qc3 e4 52. Rxg6+ Kf7 53. Rxf6+ Rxf6 54. Qd4 Be6 55. Qxe4 d2 56. Qd3 a3 57. Qxd2 a2 58. Qb2 b4 59. Rg3 b3 60. Rxb3 Rg6+ 61. Kh2 Rh6+ 62. Kg2 Bd5+ 63. f3 a1Q 64. Qxa1 Bxb3 65. Qa7+ Kf6 66. Qd4+ Kf7 67. Qd7+ Kf6 68. Qd8+ Kg7 69. Qd4+ Kf7 70. f4 Be6 71. Qe5 Rf6 72. Kf3 Rf5 73. Qc7+ Kf6 74. Qd8+ Kf7 75. Ke4 Rd5 76. Qh8 Ke7 77. Qg7+ Ke8 78. Qf6 Kd7 79. Qf8 Rb5 80. Qa3 Rf5 81. Qb4 Ke8 82. Qd4 Ke7 83. Qg7+ Rf7 84. Qg5+ 1-0

[Event "SVK-chT2D 1617"]
[Site "Slovakia"]
[Date "2016.10.09"]
[Round "2.2"]
[White "Ferkova, Dominika"]
[Black "Vojtko, Marek"]
[Result "0-1"]
[WhiteElo "2007"]
[BlackElo "1996"]
[PlyCount "60"]
[EventDate "2016.10.08"]
[EventType "team-tourn"]
[EventRounds "11"]
[EventCountry "SVK"]
[SourceTitle "EXT 2018"]
[Source "ChessBase"]
[SourceDate "2017.10.13"]
[SourceVersion "1"]
[SourceVersionDate "2017.10.13"]
[SourceQuality "1"]
[WhiteTeam "Bardejov II"]
[BlackTeam "Kosice Slavia TU IV"]
[WhiteTeamCountry "SVK"]
[BlackTeamCountry "SVK"]

1. d4 e6 2. c4 f5 3. Nc3 Nf6 4. e3 d5 5. Nf3 c6 6. Ne5 Nbd7 7. cxd5 exd5 8. Be2 Bd6 9. f4 0-0 10. 0-0 Ne4 11. Nxe4 fxe4 12. b3 Qe7 13. Bb2 Kh8 14. Kh1 Nf6 15. g4 Be6 16. g5 Nd7 17. Bh5 g6 18. Be2 Kg7 19. h4 Rh8 20. Kg2 Bxe5 21. dxe5 h6 22. Bg4 h5 23. f5 gxf5 24. Bxf5 Raf8 25. Bxe6 Qxe6 26. Rxf8 Nxf8 27. Qe2 Ng6 28. Qf2 Rf8 29. Qg3 Rf3 30. Qh2 Qg4+ 0-1

[Event "Tatry op"]
[Site "Tatranske Zruby"]
[Date "2016.09.27"]
[Round "5"]
[White "Vojtko, Marek"]
[Black "Certek, Pavel"]
[Result "0-1"]
[WhiteElo "2006"]
[BlackElo "2249"]
[PlyCount "68"]
[EventDate "2016.09.24"]
[EventType "swiss"]
[EventRounds "9"]
[EventCountry "SVK"]
[SourceTitle "CBM 174 Extra"]
[Source "ChessBase"]
[SourceDate "2016.10.10"]
[SourceVersion "1"]
[SourceVersionDate "2016.10.10"]
[SourceQuality "1"]

1. d4 g6 2. c4 Nf6 3. Nc3 d5 4. e3 Bg7 5. Nf3 0-0 6. Qb3 dxc4 7. Bxc4 Nfd7 8. e4 Nb6 9. Be2 Bg4 10. d5 c6 11. dxc6 Nxc6 12. Be3 Be6 13. Qb5 Bd7 14. Rd1 Qc7 15. Bxb6 Bxc3+ 16. bxc3 axb6 17. Qb2 Be6 18. Ng5 Qe5 19. Nxe6 Qxe6 20. Rd2 Rfd8 21. Rxd8+ Nxd8 22. c4 Qxe4 23. 0-0 Ne6 24. Rd1 Nc5 25. Rd4 Qe6 26. h4 Qf6 27. Qd2 Ne6 28. Rd7 Nc5 29. Rd4 h5 30. Rf4 Qe5 31. Rf3 Ne6 32. Bd3 Kg7 33. Bb1 Rd8 34. Qb4 Rd1+ 0-1

[Event "SVK-chT2D 1516"]
[Site "Slovakia"]
[Date "2016.03.13"]
[Round "11.2"]
[White "Garancovsky, Pavol"]
[Black "Vojtko, Marek"]
[Result "1-0"]
[WhiteElo "2067"]
[BlackElo "2017"]
[PlyCount "57"]
[EventDate "2015.10.17"]
[EventType "team-tourn"]
[EventRounds "11"]
[EventCountry "SVK"]
[SourceTitle "EXT 2017"]
[Source "ChessBase"]
[SourceDate "2016.10.25"]
[SourceVersion "1"]
[SourceVersionDate "2016.10.25"]
[SourceQuality "1"]
[WhiteTeam "Presov Tatran Dason"]
[BlackTeam "Kosice Slavia IV"]
[WhiteTeamCountry "SVK"]
[BlackTeamCountry "SVK"]

1. d4 e6 2. e4 d5 3. e5 c5 4. c3 Nc6 5. Nf3 Bd7 6. dxc5 Bxc5 7. Bd3 f6 8. b4 Bb6 9. b5 Nce7 10. 0-0 fxe5 11. Nxe5 Nf6 12. a4 0-0 13. Bg5 Be8 14. Nd2 Qd6 15. Ndc4 Qc7 16. Nxb6 Qxb6 17. Be3 Qc7 18. Bd4 Bh5 19. f3 Nd7 20. Qe2 Nxe5 21. Bxe5 Qd7 22. Rae1 Bg6 23. Rf2 Rfe8 24. Bd4 Bxd3 25. Qxd3 Ng6 26. f4 a6 27. g3 axb5 28. axb5 Ra5 29. b6 1-0

[Event "SVK-chT1E 1516"]
[Site "Slovakia"]
[Date "2016.02.20"]
[Round "8.8"]
[White "Trebula, Jozef"]
[Black "Vojtko, Marek"]
[Result "1-0"]
[WhiteElo "2099"]
[BlackElo "2017"]
[PlyCount "85"]
[EventDate "2015.10.24"]
[EventType "team-tourn"]
[EventRounds "11"]
[EventCountry "SVK"]
[SourceTitle "EXT 2017"]
[Source "ChessBase"]
[SourceDate "2016.10.25"]
[SourceVersion "1"]
[SourceVersionDate "2016.10.25"]
[SourceQuality "1"]
[WhiteTeam "Banska Bystrica Junior"]
[BlackTeam "Kosice Slavia"]
[WhiteTeamCountry "SVK"]
[BlackTeamCountry "SVK"]

1. e4 e6 2. d4 d5 3. Nd2 Nf6 4. e5 Nfd7 5. Bd3 c5 6. c3 Nc6 7. Ne2 cxd4 8. cxd4 f6 9. exf6 Qxf6 10. Nf3 h6 11. 0-0 Bd6 12. Bc2 0-0 13. a3 Rf7 14. Ng3 Nf8 15. Qd3 Bd7 16. Bd2 Be8 17. Rae1 Rc7 18. Bb3 Bg6 19. Qe3 Ne7 20. Ne5 Nf5 21. Nxf5 Bxf5 22. Bc3 Rac8 23. Rc1 Ng6 24. g4 Bxg4 25. Nxg4 Qh4 26. Qxe6+ Kh8 27. Qxd6 Qxg4+ 28. Qg3 Qe6 29. Rce1 Qf6 30. Bxd5 Nf4 31. Bg2 Rf7 32. Re3 Rcf8 33. d5 Qa6 34. Rfe1 Nh5 35. Qg4 Nf6 36. Qg6 Qa4 37. Rg3 Qd7 38. Bh3 Qc7 39. Be6 Re7 40. Bb4 Nxd5 41. Bxd5 Rf6 42. Rxe7 Qc1+ 43. Re1 1-0

[Event "SVK-chT2D 1516"]
[Site "Slovakia"]
[Date "2016.02.14"]
[Round "9.2"]
[White "Vojtko, Marek"]
[Black "Mrva, Vladimir"]
[Result "0-1"]
[WhiteElo "2017"]
[BlackElo "2115"]
[PlyCount "82"]
[EventDate "2015.10.17"]
[EventType "team-tourn"]
[EventRounds "11"]
[EventCountry "SVK"]
[SourceTitle "EXT 2017"]
[Source "ChessBase"]
[SourceDate "2016.10.25"]
[SourceVersion "1"]
[SourceVersionDate "2016.10.25"]
[SourceQuality "1"]
[WhiteTeam "Kosice Slavia IV"]
[BlackTeam "Sabinov II"]
[WhiteTeamCountry "SVK"]
[BlackTeamCountry "SVK"]

1. d4 d5 2. c4 c6 3. Nc3 Nf6 4. e3 Bf5 5. Qb3 Qb6 6. c5 Qc7 7. Nf3 h6 8. Bd2 Nbd7 9. Rc1 e5 10. Nxe5 Nxe5 11. dxe5 Nd7 12. Na4 Nxe5 13. Qc3 Rg8 14. b4 Be7 15. Qa3 Qd8 16. f4 Bh4+ 17. g3 Nf3+ 18. Kd1 Nxd2 19. Kxd2 Bf6 20. Bd3 Bxd3 21. Kxd3 Qc8 22. Rhe1 Kf8 23. e4 dxe4+ 24. Rxe4 Qf5 25. Ke3 Rd8 26. Nc3 g5 27. Ne2 Kg7 28. fxg5 hxg5 29. Qb3 Rd5 30. g4 Qh7 31. Rh1 Qh3+ 32. Ng3 Qg2 33. Rd1 Rgd8 34. Nf5+ Kg6 35. Nd6 Qh3+ 36. Ke2 Qxh2+ 37. Kf3 Qh3+ 38. Ke2 Qg2+ 39. Ke3 Qg3+ 40. Ke2 Qh2+ 41. Kf3 Rh8 0-1

[Event "SVK-chT1E 1516"]
[Site "Slovakia"]
[Date "2015.11.15"]
[Round "4.7"]
[White "Vojtko, Marek"]
[Black "Zrost, Rudolf"]
[Result "1-0"]
[WhiteElo "2017"]
[BlackElo "1964"]
[PlyCount "97"]
[EventDate "2015.10.24"]
[EventType "team-tourn"]
[EventRounds "11"]
[EventCountry "SVK"]
[SourceTitle "CBM 169 Extra"]
[Source "ChessBase"]
[SourceDate "2015.12.18"]
[SourceVersion "1"]
[SourceVersionDate "2015.12.18"]
[SourceQuality "1"]
[WhiteTeam "Kosice Slavia"]
[BlackTeam "Spisska Nova Ves"]
[WhiteTeamCountry "SVK"]
[BlackTeamCountry "SVK"]

1. d4 Nf6 2. Bg5 g6 3. Bxf6 exf6 4. g3 f5 5. Bg2 Bg7 6. e3 0-0 7. c4 d6 8. Ne2 Nd7 9. b4 Nf6 10. Nbc3 Re8 11. 0-0 Rb8 12. b5 Be6 13. Qa4 d5 14. Nf4 dxc4 15. Qxa7 b6 16. Nxe6 Rxe6 17. Qa4 h5 18. Qxc4 h4 19. Rac1 hxg3 20. hxg3 Bf8 21. Ne2 Bd6 22. Bf3 Ne4 23. Rc2 g5 24. d5 Re8 25. Nd4 Qf6 26. Nc6 Ra8 27. Kg2 Nc5 28. Qd4 Qg6 29. Rh1 f6 30. Bh5 Qg7 31. Bxe8 Rxe8 32. Qd1 f4 33. Qh5 Re4 34. Nd4 Re5 35. Qh3 g4 36. Qh6 fxe3 37. fxe3 Qxh6 38. Rxh6 Rxe3 39. Rg6+ Kf7 40. Rxg4 Re5 41. Kf3 Rxd5 42. Rh2 Be5 43. Rh7+ Kf8 44. Nf5 Ne6 45. Rh8+ Kf7 46. Nh6+ Ke7 47. Nf5+ Kd7 48. Rh7+ Kc8 49. Ne7+ 1-0

[Event "SVK-chT2D 1516"]
[Site "Slovakia"]
[Date "2015.11.07"]
[Round "3.1"]
[White "Vojtko, Marek"]
[Black "Juhar, Roman"]
[Result "0-1"]
[WhiteElo "2017"]
[BlackElo "2180"]
[PlyCount "80"]
[EventDate "2015.10.17"]
[EventType "team-tourn"]
[EventRounds "11"]
[EventCountry "SVK"]
[SourceTitle "CBM 169 Extra"]
[Source "ChessBase"]
[SourceDate "2015.12.18"]
[SourceVersion "1"]
[SourceVersionDate "2015.12.18"]
[SourceQuality "1"]
[WhiteTeam "Kosice Slavia IV"]
[BlackTeam "Velke Kapusany"]
[WhiteTeamCountry "SVK"]
[BlackTeamCountry "SVK"]

1. d4 d5 2. c4 c6 3. Nf3 Nf6 4. e3 Bg4 5. cxd5 cxd5 6. Qa4+ Nc6 7. Ne5 Bd7 8. Nxd7 Qxd7 9. Nc3 e6 10. a3 Rc8 11. Bd3 Bd6 12. 0-0 0-0 13. Bd2 Qe7 14. f4 a6 15. b4 Ra8 16. Ra2 b5 17. Qd1 Bxb4 18. axb4 Nxb4 19. Bb1 Nxa2 20. Nxa2 a5 21. g4 Ne4 22. Bxe4 dxe4 23. Nc3 b4 24. Nxe4 a4 25. Nc5 b3 26. Bb4 Rfb8 27. Ba3 b2 28. Qc2 Qh4 29. Bxb2 Qxg4+ 30. Kh1 Qh3 31. Rg1 Qf3+ 32. Rg2 a3 33. Ba1 a2 34. Nb3 Qxe3 35. d5 g6 36. dxe6 Qxb3 37. exf7+ Qxf7 38. Rg1 Qd5+ 39. Qg2 Qxg2+ 40. Kxg2 Rb1 0-1

[Event "SVK-chT2D 1516"]
[Site "Slovakia"]
[Date "2015.10.18"]
[Round "2.2"]
[White "Tropp, Frantisek"]
[Black "Vojtko, Marek"]
[Result "1-0"]
[WhiteElo "2107"]
[BlackElo "2017"]
[PlyCount "55"]
[EventDate "2015.10.17"]
[EventType "team-tourn"]
[EventRounds "11"]
[EventCountry "SVK"]
[SourceTitle "CBM 169 Extra"]
[Source "ChessBase"]
[SourceDate "2015.12.18"]
[SourceVersion "1"]
[SourceVersionDate "2015.12.18"]
[SourceQuality "1"]
[WhiteTeam "Spisska Stara Ves"]
[BlackTeam "Kosice Slavia IV"]
[WhiteTeamCountry "SVK"]
[BlackTeamCountry "SVK"]

1. e4 e6 2. d4 d5 3. e5 c5 4. c3 Nc6 5. Nf3 Bd7 6. Be2 Nh6 7. a3 f6 8. Bxh6 gxh6 9. Nh4 Qb6 10. Bh5+ Kd8 11. b4 cxd4 12. 0-0 fxe5 13. Nf3 Bd6 14. cxd4 Nxd4 15. Nc3 Nf5 16. Re1 Rc8 17. Nxd5 exd5 18. Qxd5 Bc6 19. Qe6 Bxf3 20. Rac1 Rxc1 21. Rxc1 Bc5 22. Qxf5 Rf8 23. bxc5 Rxf5 24. cxb6 Be4 25. bxa7 b6 26. Bf3 Rxf3 27. gxf3 Bxf3 28. Kf1 1-0